<?xml version="1.0" encoding="UTF-8"?>
<record
    xmlns:xsi="http://www.w3.org/2001/XMLSchema-instance"
    xsi:schemaLocation="http://www.loc.gov/MARC21/slim http://www.loc.gov/standards/marcxml/schema/MARC21slim.xsd"
    xmlns="http://www.loc.gov/MARC21/slim">

  <leader>00309nam a22001457a 4500</leader>
  <controlfield tag="003">SGT</controlfield>
  <datafield tag="020" ind1=" " ind2=" ">
    <subfield code="a">978-81-317-3309-7</subfield>
  </datafield>
  <datafield tag="082" ind1=" " ind2=" ">
    <subfield code="a">621.381</subfield>
    <subfield code="b">C18G</subfield>
  </datafield>
  <datafield tag="100" ind1=" " ind2=" ">
    <subfield code="a">GOEL, ANITA </subfield>
  </datafield>
  <datafield tag="245" ind1=" " ind2=" ">
    <subfield code="a">COMPUTER FUNDAMENTALS </subfield>
  </datafield>
  <datafield tag="250" ind1=" " ind2=" ">
    <subfield code="a">1ST</subfield>
  </datafield>
  <datafield tag="260" ind1=" " ind2=" ">
    <subfield code="a">INDIA </subfield>
    <subfield code="b">PEARSON</subfield>
    <subfield code="c">2018</subfield>
  </datafield>
  <datafield tag="300" ind1=" " ind2=" ">
    <subfield code="a">550</subfield>
  </datafield>
  <datafield tag="942" ind1=" " ind2=" ">
    <subfield code="2">ddc</subfield>
    <subfield code="c">BK</subfield>
    <subfield code="0">34</subfield>
  </datafield>
  <datafield tag="952" ind1=" " ind2=" ">
    <subfield code="0">0</subfield>
    <subfield code="1">0</subfield>
    <subfield code="2">ddc</subfield>
    <subfield code="4">0</subfield>
    <subfield code="7">0</subfield>
    <subfield code="8">MEDICAL</subfield>
    <subfield code="a">FM</subfield>
    <subfield code="b">FM</subfield>
    <subfield code="c">TXT</subfield>
    <subfield code="d">2018-08-30</subfield>
    <subfield code="e">ABC </subfield>
    <subfield code="g">469.00</subfield>
    <subfield code="i">SGTU</subfield>
    <subfield code="l">6</subfield>
    <subfield code="o">621.381 C18G</subfield>
    <subfield code="p">FM10886</subfield>
    <subfield code="r">2025-01-09 00:00:00</subfield>
    <subfield code="s">2024-12-28</subfield>
    <subfield code="w">2018-06-21</subfield>
    <subfield code="y">BK</subfield>
    <subfield code="k">9842</subfield>
  </datafield>
  <datafield tag="952" ind1=" " ind2=" ">
    <subfield code="0">0</subfield>
    <subfield code="1">0</subfield>
    <subfield code="2">ddc</subfield>
    <subfield code="4">0</subfield>
    <subfield code="7">0</subfield>
    <subfield code="8">MEDICAL</subfield>
    <subfield code="a">FM</subfield>
    <subfield code="b">FM</subfield>
    <subfield code="c">TXT</subfield>
    <subfield code="d">2018-08-30</subfield>
    <subfield code="e">ABC </subfield>
    <subfield code="g">469.00</subfield>
    <subfield code="i">SGTU</subfield>
    <subfield code="l">17</subfield>
    <subfield code="o">621.381 C18G</subfield>
    <subfield code="p">FM10887</subfield>
    <subfield code="r">2025-01-09 00:00:00</subfield>
    <subfield code="s">2025-01-07</subfield>
    <subfield code="w">2018-06-21</subfield>
    <subfield code="y">BK</subfield>
    <subfield code="k">9842</subfield>
  </datafield>
  <datafield tag="952" ind1=" " ind2=" ">
    <subfield code="0">0</subfield>
    <subfield code="1">0</subfield>
    <subfield code="2">ddc</subfield>
    <subfield code="4">0</subfield>
    <subfield code="7">0</subfield>
    <subfield code="8">MEDICAL</subfield>
    <subfield code="a">FM</subfield>
    <subfield code="b">FM</subfield>
    <subfield code="c">TXT</subfield>
    <subfield code="d">2018-08-30</subfield>
    <subfield code="e">ABC </subfield>
    <subfield code="g">469.00</subfield>
    <subfield code="i">SGTU</subfield>
    <subfield code="l">11</subfield>
    <subfield code="o">621.381 C18G</subfield>
    <subfield code="p">FM10888</subfield>
    <subfield code="r">2025-01-11 00:00:00</subfield>
    <subfield code="s">2024-12-28</subfield>
    <subfield code="w">2018-06-21</subfield>
    <subfield code="y">BK</subfield>
    <subfield code="k">9842</subfield>
  </datafield>
  <datafield tag="952" ind1=" " ind2=" ">
    <subfield code="0">0</subfield>
    <subfield code="1">0</subfield>
    <subfield code="2">ddc</subfield>
    <subfield code="4">0</subfield>
    <subfield code="7">0</subfield>
    <subfield code="8">MEDICAL</subfield>
    <subfield code="a">FM</subfield>
    <subfield code="b">FM</subfield>
    <subfield code="c">TXT</subfield>
    <subfield code="d">2018-08-30</subfield>
    <subfield code="e">ABC </subfield>
    <subfield code="g">469.00</subfield>
    <subfield code="i">SGTU</subfield>
    <subfield code="l">5</subfield>
    <subfield code="o">621.381 C18G</subfield>
    <subfield code="p">FM10889</subfield>
    <subfield code="r">2024-11-07 00:00:00</subfield>
    <subfield code="s">2024-10-22</subfield>
    <subfield code="w">2018-06-21</subfield>
    <subfield code="y">BK</subfield>
    <subfield code="k">9842</subfield>
  </datafield>
  <datafield tag="952" ind1=" " ind2=" ">
    <subfield code="0">0</subfield>
    <subfield code="1">0</subfield>
    <subfield code="2">ddc</subfield>
    <subfield code="4">0</subfield>
    <subfield code="7">0</subfield>
    <subfield code="8">MEDICAL</subfield>
    <subfield code="a">FM</subfield>
    <subfield code="b">FM</subfield>
    <subfield code="c">TXT</subfield>
    <subfield code="d">2018-08-30</subfield>
    <subfield code="e">ABC </subfield>
    <subfield code="g">469.00</subfield>
    <subfield code="i">SGTU</subfield>
    <subfield code="l">1</subfield>
    <subfield code="o">621.381 C18G</subfield>
    <subfield code="p">FM10890</subfield>
    <subfield code="r">2019-03-07 00:00:00</subfield>
    <subfield code="s">2019-02-08</subfield>
    <subfield code="w">2018-06-21</subfield>
    <subfield code="y">BK</subfield>
    <subfield code="k">9842</subfield>
  </datafield>
  <datafield tag="999" ind1=" " ind2=" ">
    <subfield code="c">15864</subfield>
    <subfield code="d">15864</subfield>
  </datafield>
</record>
